00384nam a2200169Ia 4500008004000000041000800040082001200048100001700060245003700077260004300114650000800157650001100165650000700176650000900183650001400192650000800206210210b1931 xxu||||| |||| 00| 0 eng d aeng a825/348 aGARROD (H W) aPoetry and the criticism of life aLondonbOxford University Pressc1931 athe aPoetry aof alife acriticism aand